01524agaaa2200277 45000010005000000030009000050050017000140070009000310080040000400400023000800410013001031000055001161300088001712450226002592500022004852600084005073000033005915200177006245380016008015460013008176500079008307000067009099420012009769990019009889520239010073994IT-RoPAU20220918181310.0d cvaizq50131s9999||||xx ||| | || ||und|| aIT-RoPAUcIT-RoPAU aFRANCESE aTanant MauricegCodice regista SPICS: 35343955712 aMESSE A MEAUX: CATHEDRALE SAINT ETIENNE-AVENT 91 (DIMANCHE 4.EME DE L'AVENT)955713 aMESSE A MEAUX: CATHEDRALE SAINT ETIENNE-AVENT 91 (DIMANCHE 4.EME DE L'AVENT)cDiretto da: Tanant MauricepMESSE A MEAUX: CATHEDRALE SAINT ETIENNE-AVENT 91 (DIMANCHE 4.EME DE L'AVENT) (Rif. Codice opera principale : A3994) aEdizione Standard a(FRANCIA)bANTENNE 2 - CFRT / c"1991 (1° ed.: 1991 ; Ed. Lingua Orig.: 1991)" aVHSbsonoro, col.c60 minuti aLE JOUR DE SEIGNEUR PRESENTE:AVENT 91 DIOCESE DE MEAUX CATHEDRALE SAINT ETHIENNE (SEINE ET MARNE) DIMANCHE 4EME DE L'AVENTMESSA DELLA QUARTA DOMENICA DI AVVENTO IN FRANCESE aPAL, STEREO aFRANCESE aRELIGIOSOeTV-PROGRAMMI RELIGIOSI [VHS]xCodice MATERIA SPICS: 9963955714 aTanant Maurice e(regista)gCodice regista SPICS: 35343955715 cVH2ddc c108447d108447 0010406A_3994_00000000000000071aSPICSbSPICSd2015-01-31l0oA3994r2015-01-31 00:00:00w2015-01-31yVHzProgr. Ins.: 47 / N.Vol.:1 / Copie: 1 / Pag.:0 / Copia rara: n.d. / date import: 1.2.2015 / By Epidotti, Trombetti, Vaglietti